000 01034nam a2200325 a 4500
001 000009127
003 DO-SdBNP
005 20180214101848.0
007 000009127
008 090928s2001 dr 000 p spa d
020 _a9993420131
040 _aBPMSU
_bspa
_cBPMSU
082 _aRD861.44
_bC117c
100 1 _aCabral, Manuel del,
_d1907-1999
245 1 0 _aCompadre Mon /
_cManuel Del Cabral
260 _aSanto Domingo :
_bFundación Manuel del Cabral :
_bManatí,
_c2001
300 _a220 p. :
_c20 cm.
440 _pObras clásicas dominicanas
650 4 _aPOESÍA DOMINICANA
650 4 _aLITERATURA DOMINICANA
830 _pObras clásicas dominicanas
910 _aValidado. Control de calidad MFF
930 1 _lBND01
_mLF1
_820090928
_f01
_pHD
_g4411
942 _2ddc
_cBK
945 _ainventariado, 2018 / dg
956 _aIGARCIA
_b10
_c20090929
_lBND01
_h1431
956 _aMGARCIA
_b10
_c20100311
_lBND01
_h1545
956 _aMFILETO
_b04
_c20130405
_lBND01
_h1509
956 _aVMATEO
_b10
_c20150410
_lBPMSU
_h00151
999 _c7598
_d7598